Vista normal Vista MARC

Entrada Personal Name

Número de registros utilizados en: 1

001 - CONTROL NUMBER

  • control field: 39434

003 - CONTROL NUMBER IDENTIFIER

  • control field: OSt

005 - DATE AND TIME OF LATEST TRANSACTION

  • control field: 20230915232112.0

008 - FIXED-LENGTH DATA ELEMENTS

  • fixed length control field: 230915|| aca||aabn | a|a d

040 ## - CATALOGING SOURCE

  • Original cataloging agency: OSt
  • Transcribing agency: OSt

100 ## - HEADING--PERSONAL NAME

  • Personal name: Jaime Aulí, Daniel Torres, Nora Estela

670 ## - SOURCE DATA FOUND

  • Source citation: Work cat.: (OSt)33129: Caballero Calderón, Eduardo, 1910 - 1993 1044, Historia en cuentos, 1 / , 2013









Instituto Departamental de Cultura del Meta - Red Departamental de Bibliotecas Públicas del Meta.